000 00841nam a2200253Ia 4500
003 OSt
005 20220918171227.0
006 a|||||r|||| 00| 0
007 ta
008 220917b |||||||| |||| 00| 0 eng d
020 _a9781433817298 (hbk)
_c3368.63
024 _a288,580
037 _b706, 15/12/2015, Aditya Books Pvt. Ltd.
_cTextual
040 _aARTS
_cARTS
_beng
041 _2eng
_aeng
082 _aY:4:65, Q4
100 _aToch Hans
_934919
245 0 _aOrganizational change through individual empowerment
_b Applying social psychology in prisons and policing
260 _aWashington
_bAmerican psychological Association UK
_c2014
300 _axix, 186p.
_ccm.
650 _aSOCIOLOGY
942 _hY:4:65, Q4
_cTEXL
_2CC
999 _c138442
_d138442